000 01714nam0a2200373 i 4500
001 RU\NLR\BIBL_A\011106614
005 20260409080527.0
010 _a9785742251224
_9150
021 _aRU
_b2016-25726
_91641
035 _a(NILC)RuMoRGB-008262573
035 _a(NLR Aleph) 011106614
090 _a11450954
_c11450954
100 _a20160422d2015 u y0rusy50 ca
101 0 _arus
_aeng
102 _aRU
105 _aa j 000yy
200 1 _aВетхий Завет и мировое искусство
_dOld testament stories and world art
_e[для развития навыков устной английской речи (уровень Intermediate)]
_fЕ. Л. Власова
_zeng
210 _aСанкт-Петербург
_cИзд-во Политехнического университета
_d2015
215 _a133 с.
_cил., цв. ил.
_d21
300 _aАвт. также на англ. яз.: Eugenia L. Vlasova
320 _aБиблиогр.: с. 131-133 (39 назв.)
500 _aБиблия
_iВ.З.
_3RU\NLR\AUTH\553048
_92631015
510 1 _6z45790
_aOld testament stories and world art
_zeng
606 1 _aАнглийский язык
_jУчебные издания
_9972309
_3RU\NLR\AUTH\6646032
675 _a811.111
686 1 _aШ143.21-93рус
700 1 _8rus
_7ca
_aВласова
_bЕ. Л.
_cлингвист
_f1925-2015
_gЕвгения Львовна
_3RU\NLR\AUTH\7781411
_964339
790 1 _7ba
_8rus
_aVlasova
_bE. L.
_cлингвист
_f1925-2015
_gEvgenija L'vovna
_3RU\NLR\AUTH\770166609
_9166562
801 0 _aRU
_bРГБ
_c20160331
_gRCR
801 1 _aRU
_bРГБ
_c20160331
_2rusmarc
942 _cBOOK
980 _aNBR